| 000 | 02257nam a22002897a 4500 | ||
|---|---|---|---|
| 999 |
_c63703 _d63703 |
||
| 003 | Ge_BSU | ||
| 005 | 20251211203634.0 | ||
| 008 | 251211s2023 ge ||||| |||| 00| 0 geo d | ||
| 020 | _a9789941980244 | ||
| 041 | _ageo | ||
| 080 | _a726.5(479.224) მ-74 | ||
| 100 |
_aმიქიანი, ირაკლი _926465 |
||
| 245 |
_aკულტურული მემკვიდრეობის ისტორიული ძეგლები ოკუპირებულ აფხაზეთში : _b(მოსწავლეთა ეროვნული კონფერენციის მასალები) / _cშემდგენელ-რედაქტორები: ირაკლი მიქიანი, ლევან ჟვანია; მთ. რედაქტორი გურამ ლეგაშვილი; საქართველოს პარლამენტის ეროვნული ბიბლიოთეკა. |
||
| 264 |
_aთბილისი : _b საქართველოს პარლამენტის ეროვნული ბიბლიოთეკა, _c2023. |
||
| 300 |
_a84 გვ. : _b ილ. ; _c21 სმ. |
||
| 504 | _aბიბლიოგრაფია სტატიების ბოლოს. | ||
| 653 | _aეკლესია-მონასტრები აფხაზეთში | ||
| 700 |
_aკიკოლაშვილი, ქეთი _eავტორი _926466 |
||
| 700 |
_aქუხილავა, თიკო _eავტორი _926467 |
||
| 700 |
_aჯაფარიძე, ლიზი _eავტორი _926468 |
||
| 700 |
_aმარკოზია, ნანო _eავტორი _926469 |
||
| 700 |
_aბენდელიანი, ანანო და სხვ. _eავტორი _926470 |
||
| 700 |
_aჟვანია, ლევან, შემდგენელი _eრედაქტორი _926471 |
||
| 700 |
_aლეგაშვილი, გურამ _e მთ. რედაქტორი _926472 |
||
| 700 |
_aსაქართველოს პარლამენტის ეროვნული ბიბლიოთეკა _926473 |
||
| 942 |
_2udc _cᲬᲘᲒᲜᲘ |
||